readings in interpersonal & organisational communication (Record no. 5454)
[ view plain ]
| 000 -LEADER | |
|---|---|
| fixed length control field | 01076nam a2200181 4500 |
| 020 ## - INTERNATIONAL STANDARD BOOK NUMBER | |
| ISBN | 0205057772 |
| 050 ## - CALL NUMBER | |
| Item number | HF5718.H85 |
| 100 ## - AUTHOR | |
| Personal name | Richard C Huseman |
| 245 ## - TITLE | |
| Title | readings in interpersonal & organisational communication |
| Statement of responsibility, etc | Richard C Huseman |
| 250 ## - EDITION | |
| Edition statement | 3rd ed |
| 260 ## - PUBLICATION INFORMATION | |
| Place of publication | Boston |
| Name of publisher | Allyn and Bacon |
| Year of publication | x, 595 pages |
| 300 ## - DESCRIPTION | |
| Number of Pages | : illustrations ; 23 cm |
| 505 ## - FORMATTED CONTENTS NOTE | |
| Table of Content | Preface ix<br/>The nature of communication 1<br/>Communication and organisational structure 73<br/>Upward and downward communication 157<br/>Communication and conflict 220<br/>Communication, motivation and persuation 305<br/>Communication through interviews 393<br/>Communication in small groups 459<br/>Communication through written-oral methods 509<br/>Communication through listening 553<br/>Index 587 |
| 650 ## - SUBJECTS | |
| Topical Term | Organisational |
| General subdivision | Communication |
| 700 ## - OTHER AUTHORS | |
| Personal name | Cal M Logue; |
| 710 ## - OTHER AUTHORS | |
| OTHER AUTHORS | Dwight L Freshley |
| 942 ## - ADDED ENTRY ELEMENTS (KOHA) | |
| Koha item type | Books |
| Withdrawn status | Lost status | Collection code | Home library | Current library | Shelving location | Date acquired | Full call number | Accession Number | Koha item type |
|---|---|---|---|---|---|---|---|---|---|
| Reference | Methodist University Library Main | Methodist University Library Main | General Stacks | 25/06/2019 | HF5718.H85 | 10568 | Books |